|
|
|
|
| LEADER |
03053nam a22004213i 4500 |
| 001 |
EBC6383189 |
| 003 |
MiAaPQ |
| 005 |
20231204023215.0 |
| 006 |
m o d | |
| 007 |
cr cnu|||||||| |
| 008 |
231204s2013 xx o ||||0 eng d |
| 020 |
|
|
|a 9789814583220
|q (electronic bk.)
|
| 020 |
|
|
|z 9789814596343
|
| 035 |
|
|
|a (MiAaPQ)EBC6383189
|
| 035 |
|
|
|a (Au-PeEL)EBL6383189
|
| 035 |
|
|
|a (OCoLC)1231610495
|
| 040 |
|
|
|a MiAaPQ
|b eng
|e rda
|e pn
|c MiAaPQ
|d MiAaPQ
|
| 100 |
1 |
|
|a Altman, Russ B.
|
| 245 |
1 |
0 |
|a Pacific Symposium On Biocomputing 2014.
|
| 250 |
|
|
|a 1st ed.
|
| 264 |
|
1 |
|a Singapore :
|b World Scientific Publishing Company,
|c 2013.
|
| 264 |
|
4 |
|c ©2014.
|
| 300 |
|
|
|a 1 online resource (436 pages)
|
| 336 |
|
|
|a text
|b txt
|2 rdacontent
|
| 337 |
|
|
|a computer
|b c
|2 rdamedia
|
| 338 |
|
|
|a online resource
|b cr
|2 rdacarrier
|
| 505 |
0 |
|
|a Intro -- 0psb-preface-14-rba.pdf -- 1cp-all -- 0cp-intro-rev.pdf -- aguiar-rev -- badea -- 1. Introduction and motivation -- 2. Data and preprocessing -- 2.1. The TCGA AML dataset -- 2.2. Generalized mutations -- 2.3. Protein-to-protein interaction data -- 3. Proteins mutated in AML form pp interaction cliques -- 4. Joint analysis of gene expression data and mutations using pp interaction data -- 4.1. The joint clustering of expression and mutation interactor data -- 4.2. The dimensionality of the factorization -- 4.3. Significant sample-specific mutations -- 5. Conclusions -- 6. Acknowledgments -- chaibubneto (1) -- gitter-rev -- hu -- mayba -- min-rev -- morgan -- 2cad-all -- 0intro-cdr-rev -- blucher -- brubaker -- ng -- yang -- yera-rev -- zhu -- 3pleiotropy-all -- 0Pleiotropy_Proceedings_Introduction.pdf -- darabos-rev -- hall -- philip -- 4pm-all -- 0pm-intro-rev -- daneshjou -- martin -- parikh -- patwardhan-rev -- 1. Introduction -- 2. Methods -- 2.1. Subject Samples -- 2.2. Genomic Library Construction, Exome Sequencing, Alignment and Variant Calling -- 2.3. Problematic Regions of the Genome -- 2.4. Case Control Analysis -- 3. Results -- 4. Discussion -- 5text-all -- 0intro-text -- clark -- funk -- han -- komandurelayavilli -- liu (1) -- malinowski (2) -- vembu-rev -- zitnik (1) -- 1NoncodingRNA_workshop_PSB2014.pdf -- 2training -- Untitled.
|
| 588 |
|
|
|a Description based on publisher supplied metadata and other sources.
|
| 590 |
|
|
|a Electronic reproduction. Ann Arbor, Michigan : ProQuest Ebook Central, 2023. Available via World Wide Web. Access may be limited to ProQuest Ebook Central affiliated libraries.
|
| 655 |
|
4 |
|a Electronic books.
|
| 700 |
1 |
|
|a Dunker, A Keith.
|
| 700 |
1 |
|
|a Hunter, Lawrence.
|
| 700 |
1 |
|
|a Ritchie, Marylyn D.
|
| 700 |
1 |
|
|a Murray, Tiffany A.
|
| 700 |
1 |
|
|a Klein, Teri E.
|
| 776 |
0 |
8 |
|i Print version:
|a Altman, Russ B
|t Pacific Symposium On Biocomputing 2014
|d Singapore : World Scientific Publishing Company,c2013
|z 9789814596343
|
| 797 |
2 |
|
|a ProQuest (Firm)
|
| 856 |
4 |
0 |
|u https://ebookcentral.proquest.com/lib/matrademy/detail.action?docID=6383189
|z Click to View
|